Estadísticas para Mapa Topológico de las Provincias de Argentina

Haz click aquí para tomar la prueba!

Estadísticas generales

  • Esta prueba ha sido tomada 569 veces
  • La puntuación promedio es 13 de 23

Respuestas en el mapa

Las respuestas están codificadas por una escala verde-roja en el mapa de la prueba según el % correcto abajo.
Cargando...
 

Estadísticas de respuestas

Respuesta% Correcto
Buenos Aires
74%
Ciudad de Buenos Aires
73%
Santa Cruz
61%
La Pampa
61%
Jujuy
61%
Chubut
59%
Misiones
59%
Río Negro
58%
Tucumán
58%
Entre Ríos
57%
Salta
54%
Neuquén
54%
Corrientes
54%
Córdoba
54%
Santa Fe
52%
Mendoza
52%
La Rioja
51%
Santiago del Estero
50%
Formosa
47%
San Luis
46%
Catamarca
43%
Chaco
43%
San Juan
42%

Distribución de puntuación

Porcentaje por número respondido

Porcentaje de gente con cada puntuación

Historial de tus puntuaciones

No has tomado esta prueba